Historia mínima de la población mundial
Na minha lista:
| Autor principal: | |
|---|---|
| Formato: | Livro |
| Idioma: | espanhol |
| Publicado em: |
Barcelona
Ariel
2002
|
| Edição: | 2a. ed |
| Colecção: | Ariel Historia
|
| Assuntos: | |
| Tags: |
Adicionar Tag
Sem tags, seja o primeiro a adicionar uma tag!
|
MARC
| LEADER | 00000nam a2200000 a 4500 | ||
|---|---|---|---|
| 001 | UCL0608 | ||
| 003 | CL-VaPUC | ||
| 008 | 030728e20020000SP |||||||||||||||||spa|d | ||
| 020 | |a 8434466422 | ||
| 082 | 0 | 4 | |a 304.6 |b LIV |2 21 |
| 100 | |a Livi Bacci, Massimo |e autor |9 588951 | ||
| 245 | 1 | 0 | |a Historia mínima de la población mundial |
| 250 | |a 2a. ed | ||
| 300 | |a 308 p | ||
| 942 | |c BK | ||
| 945 | |d 20030728 00:00:00 |a cmena | ||
| 260 | |a Barcelona |b Ariel |c 2002 | ||
| 650 | 0 | |a Demografía |9 260008 | |
| 650 | 0 | |a Antropología demográfica |9 322343 | |
| 650 | 0 | |a Población |9 257577 | |
| 583 | |a last modification |c 20030728 00:00:00 |k Rodrigo Vera | ||
| 490 | 0 | |a Ariel Historia | |
| 999 | |c 304423 |d 304421 | ||
| 952 | |0 0 |1 0 |4 0 |6 304_600000000000000_LIV_2002 |7 0 |8 A |9 366706 |a BIBHIS |b BIBHIS |d 2019-11-21 |i 3907147 |o 304.6 LIV 2002 |p 3907147 |r 2025-01-20 |w 2019-11-21 |y BK |k HIS | ||